| 000 | 00563nam a22001577a 4500 | ||
|---|---|---|---|
| 005 | 20180723121643.0 | ||
| 020 |
_a8173914885 _c800.00 |
||
| 035 | _aB-92506, B-92505 | ||
| 037 |
_aDPL _bENG |
||
| 100 | _aDhameja, Nand | ||
| 245 |
_aPublic sector restructuring and privatisation : _bIncluding urban infrastructure and public service finance / _cby Nand Dhameja and K.S. Sastry |
||
| 260 |
_aNew Delhi _bKanishka Publishers, Distributors _c2002 |
||
| 300 |
_axvi, 398p. _c20 cms. |
||
| 700 |
_aSastry, K.S. _947455 |
||
| 942 |
_2ddc _cEN _h338.62 _mDHA |
||
| 999 |
_c66903 _d66903 |
||